Impact of Covid-19 on the Education System: (Record no. 199856)

MARC details
000 -LEADER
fixed length control field 00887nam a22002177a 4500
005 - DATE AND TIME OF LATEST TRANSACTION
control field 20240103110849.0
010 ## - LCCN (DPL NO)
LC control number B-756767-772
020 ## - INTERNATIONAL STANDARD BOOK NUMBER
International Standard Book Number 9789392594427
Terms of availability 800.00
035 ## - SYSTEM CONTROL NUMBER
System control number B-756767-772
037 ## - SOURCE OF ACQUISITION
Stock number Sunnvik Books
082 ## - DEWEY DECIMAL CLASSIFICATION NUMBER
Classification number 362.1962
245 ## - TITLE STATEMENT
Title Impact of Covid-19 on the Education System:
Remainder of title Issues and Challenges
Statement of responsibility, etc Edit By Alamgir Khan, Ataur Rahaman and Bairam Khan
260 ## - PUBLICATION, DISTRIBUTION, ETC. (IMPRINT)
Place of publication, distribution, etc New Delhi
Name of publisher, distributor, etc Ess Ess Publications
Date of publication, distribution, etc 2022
270 ## - ADDRESS
Address 4831/24, Ansari Road, Daryaganj
City New Delhi
Postal code 110002
300 ## - PHYSICAL DESCRIPTION
Extent 183p.
Dimensions 23cm(Hb)
700 ## - ADDED ENTRY--PERSONAL NAME
Personal name Khan,Alamgir
Relator term Editor
9 (RLIN) 60333
700 ## - ADDED ENTRY--PERSONAL NAME
Personal name Rahaman,Ataur
Relator term Editor
9 (RLIN) 60334
700 ## - ADDED ENTRY--PERSONAL NAME
Personal name Khan,Bairam
Relator term Editor
9 (RLIN) 60335
942 ## - ADDED ENTRY ELEMENTS (KOHA)
Source of classification or shelving scheme Dewey Decimal Classification
Item type English Books
Classification part 362.1962
Call number suffix IMP
Holdings
Withdrawn status Lost status Not for loan Collection code Home library Current library Date acquired Source of acquisition Cost, normal purchase price Full call number Barcode Copy number Cost, replacement price Koha item type
      Non-fiction Ashok Vihar Ashok Vihar 03/01/2024 Sunnvik Books /GST-IN4/30.11.23/52/23.11.23/7.12.23 800.00 362.1962 IMP B-756768 1 800.00 English Books
      Non-fiction Bawana Bawana 03/01/2024 Sunnvik Books /GST-IN4/30.11.23/52/23.11.23/7.12.23 800.00 362.1962 IMP B-756771 1 800.00 English Books
      Non-fiction Central Library Central Library 03/01/2024 Sunnvik Books /GST-IN4/30.11.23/52/23.11.23/7.12.23 800.00 362.1962 IMP B-756767 1 800.00 English Books
      Non-fiction Narela Narela 03/01/2024 Sunnvik Books /GST-IN4/30.11.23/52/23.11.23/7.12.23 800.00 362.1962 IMP B-756770 1 800.00 English Books
      Non-fiction Patel Nagar Patel Nagar 03/01/2024 Sunnvik Books /GST-IN4/30.11.23/52/23.11.23/7.12.23 800.00 362.1962 IMP B-756769 1 800.00 English Books
      Non-fiction Shahdara Branch Shahdara Branch 03/01/2024 Sunnvik Books /GST-IN4/30.11.23/52/23.11.23/7.12.23 800.00 362.1962 IMP B-756772 1 800.00 English Books

© Delhi Public Library
Hit Counter
free hit counter